Online
Catalog

Vecinos de un nuevo mundo : (Record no. 22933)

MARC details
000 -CABECERA
campo de control de longitud fija 00680nam a2200205 a 4500
001 - NÚMERO DE CONTROL
campo de control 000023437
005 - FECHA Y HORA DE LA ÚLTIMA TRANSACCIÓN
campo de control 20200930022222.0
008 - DATOS DE LONGITUD FIJA--INFORMACIÓN GENERAL
campo de control de longitud fija 101207s1966 nyuac r 000 0 spa d
040 ## - FUENTE DE LA CATALOGACIÓN
Centro catalogador/agencia de origen DO-SdBNP
Lengua de catalogación spa
Centro/agencia transcriptor BNPHU
082 ## - NÚMERO DE LA CLASIFICACIÓN DECIMAL DEWEY
Número de clasificación xxxx
Número de documento/Ítem K183v
049 ## - FONDOS LOCALES (OCLC)
Fondos de biblioteca BNGR
100 1# - ENTRADA PRINCIPAL--NOMBRE DE PERSONA
Nombre de persona Karen, Ruth
9 (RLIN) 48292
245 10 - MENCIÓN DE TÍTULO
Título Vecinos de un nuevo mundo :
Resto del título la organización de los Estados americanos /
Mención de responsabilidad, etc. Ruth Karen ; traducción Gerardo Mayer.
260 ## - PUBLICACIÓN, DISTRIBUCIÓN, ETC.
Lugar de publicación, distribución, etc. Buenos Aires, Argentina :
Nombre del editor, distribuidor, etc. Plaza & Janes,
Fecha de publicación, distribución, etc. 1966.
300 ## - DESCRIPCIÓN FÍSICA
Extensión 191 p. :
Otras características físicas il., retrs. ;
Dimensiones 18 cm.
490 1# - MENCIÓN DE SERIE
Mención de serie Alboreal ;
Designación de volumen o secuencia 151
534 ## - NOTA SOBRE LA VERSIÓN ORIGINAL
Encabezamiento principal del original Neighbors in a new world
700 1# - PUNTO DE ACCESO ADICIONAL--NOMBRE DE PERSONA
Nombre de persona Mayer, Gerardo,
Término indicativo de función/relación tr.
9 (RLIN) 47554
830 #0 - PUNTO DE ACCESO ADICIONAL DE SERIE-TÍTULO UNIFORME
Título uniforme Alboreal ;
Número de parte o sección de la obra 151
9 (RLIN) 48293
Holdings
Estado de retiro Estado de pérdida Restricciones de uso No para préstamo Código de colección Localización permanente Ubicación/localización actual Ubicación en estantería Fecha de adquisición Número de inventario Total de préstamos Signatura topográfica completa Código de barras Fecha visto por última vez Precio válido a partir de Tipo de ítem Koha
        Monografías: Libros y Folletos General General En catalogación 07.12.2010 LF1   xxxx K183v 23437-10 25.06.2020 25.06.2020 Préstamo en sala

Powered by Koha